|
|
|
|
| LEADER |
00722cam a2200181 7i4500 |
| 001 |
0000029682 |
| 005 |
20130603090000.0 |
| 090 |
0 |
0 |
|a P 610.284
|b MAL
|
| 110 |
2 |
0 |
|a Malaysia External Trade Development Corporation (MATRADE)
|
| 245 |
2 |
0 |
|a Medical products in Chile (devices, disposables & hospital related) :
|b Product market study : 2012.
|
| 260 |
0 |
0 |
|a Santiago:
|b MATRADE Santiago,
|c 2012.
|
| 300 |
# |
# |
|a 18 p.
|
| 440 |
0 |
0 |
|a Product market study : 2012
|
| 650 |
0 |
0 |
|a Medical disposables --
|x Markets --
|z Chile
|
| 650 |
0 |
0 |
|a Medical instrument and apparatus --
|x Markets --
|z Chile
|
| 650 |
0 |
0 |
|a Medical devices and apparatus --
|x Markets --
|z Chile
|
| 651 |
0 |
0 |
|a Chile
|
| 999 |
|
|
|a 0000031882
|b Book
|c Products
|e Business Information Centre
|